• 首页
  • 本馆介绍
  • 公告通知
  • 最新文献
  • 馆藏检索
  • 电子资源
  • 读者导购
  • 参考咨询
  • 我的图书馆
  • 登录
  • 详细信息显示
  • 放入我的书架
  • 预约/预借图书
  • 作者相关作品
  • 分类相关作品
  • 丛书相关作品
  • 出版社相关作品

书目信息

  • 表格格式
  • 工作单格式
  • 卡片格式
题名:
AutoCAD 2014中文版园林景观设计从入门到精通
    
 
作者: ;CAD/CAM/CAE技术联盟 编著
分册:  
出版信息: 北京   清华大学出版社  2014
页数: 445页
开本: 26cm
丛书名:
单 册:
中图分类: TU986.2-39
科图分类:
主题词: 园林设计--景观设计--计算机辅助设计--AutoCAD软件
电子资源:
ISBN: 978-7-302-37871-6
000 01181nam0 2200229 450
001 4749
005 20181013081657.58
010    @a978-7-302-37871-6@dCNY69.80
100    @a20151327d2014 em y0chiy0110 ea
101 0  @achi
102    @aCN@b110000
105    @ay z 000yy
200 1  @aAutoCAD 2014中文版园林景观设计从入门到精通@9AutoCAD 2014 zhong wen ban yuan lin jing guan she ji cong ru men dao jing tong@fCAD/CAM/CAE技术联盟编著
210    @a北京@c清华大学出版社@d2014
215    @a445页@d26cm@e1光盘
300    @a清华社“视频大讲堂”大系 CAD/CAM/CAE技术视频大讲堂
330    @a本书主要介绍AutoCAD 2014在园林景观设计方面的应用方法和技巧。全书分为基础知识篇、园林单元设计篇和综合实例篇。其中,第1篇(基础知识篇)包括园林设计概述和AutoCAD操作基础等知识。第2篇(园林单元设计篇)包括园林建筑、园林小品、园林水景、植物等知识。第3篇(综合实例篇)包括附属绿地设计、小游园设计和带状公园设计3个实例,综合介绍园林设计中不同特性的园林的设计过程和方法。
606 0  @a园林设计@x景观设计@x计算机辅助设计@xAutoCAD软件
690    @aTU986.2-39@v5
711 02 @aCAD/CAM/CAE技术联盟@9CAD/CAM/CAE ji shu lian meng@4编著
801  0 @aCN@b91MARC@c20151327
905    @aMuseLib@dTU986.2-39@e1462
    
    AutoCAD 2014中文版园林景观设计从入门到精通/CAD/CAM/CAE技术联盟编著.-北京:清华大学出版社,2014
    445页;26cm+1光盘
    清华社“视频大讲堂”大系 CAD/CAM/CAE技术视频大讲堂
    
    ISBN 978-7-302-37871-6:CNY69.80
    本书主要介绍AutoCAD 2014在园林景观设计方面的应用方法和技巧。全书分为基础知识篇、园林单元设计篇和综合实例篇。其中,第1篇(基础知识篇)包括园林设计概述和AutoCAD操作基础等知识。第2篇(园林单元设计篇)包括园林建筑、园林小品、园林水景、植物等知识。第3篇(综合实例篇)包括附属绿地设计、小游园设计和带状公园设计3个实例,综合介绍园林设计中不同特性的园林的设计过程和方法。
●
相关链接 在E读中查询图书 在五车中查询图书 在当当中查询图书 在豆瓣中查询图书


正题名:AutoCAD 2014中文版园林景观设计从入门到精通     索取号:TU986.2-39/1462         预约/预借

序号 登录号 条形码 馆藏地/架位号 状态 备注
1 1126449   211264497   第二样本阅览室/ [索取号:TU986.2-39/1462] 在馆    
2 1126450   211264503   第三借阅区/ [索取号:TU986.2-39/1462] 在馆    
3 1126451   211264512   第三借阅区/ [索取号:TU986.2-39/1462] 在馆    
4 1126452   211264521   第三借阅区/ [索取号:TU986.2-39/1462] 在馆    
5 1126453   211264530   密集书库-生命科学系/ [索取号:TU986.2-39/1462] 在馆    
唐山师范学院图书馆 欢迎您!
大连网信软件有限公司© 版权所有